000 00559nam a2200229Ia 4500
003 OSt
005 20220923221825.0
006 a|||||r|||| 00| 0
007 ta
008 220922b |||||||| |||| 00| 0 hin d
024 _a200,265
037 _cTextual
040 _aARTS
_cARTS
_bhin
041 _2hin
_ahin
082 _aQ4, J6
100 _aबुद्व
245 0 _aधम्मपद इन्द्र
246 _aDhammapad indra
260 _c1958
942 _hQ4, J6
_cTEXL
_2CC
999 _c351937
_d351937